Scrivener's moon / (Record no. 5440)

MARC details
000 -LEADER
fixed length control field 01039nam a22002777a 4500
001 - CONTROL NUMBER
control field 5440
003 - CONTROL NUMBER IDENTIFIER
control field FISKH
005 - DATE AND TIME OF LATEST TRANSACTION
control field 20241206134505.0
008 - FIXED-LENGTH DATA ELEMENTS--GENERAL INFORMATION
fixed length control field 241206b cb ||||| |||| 00| 0 eng d
020 ## - INTERNATIONAL STANDARD BOOK NUMBER
International Standard Book Number 9781407180212
040 ## - CATALOGING SOURCE
Original cataloging agency FISKH
Language of cataloging eng
Transcribing agency FISKH
Modifying agency FISKH
050 ## - LIBRARY OF CONGRESS CALL NUMBER
Classification number PZ7.R25576
082 ## - DEWEY DECIMAL CLASSIFICATION NUMBER
Classification number 823.92
100 ## - MAIN ENTRY--PERSONAL NAME
Personal name Reeve, Philip
245 ## - TITLE STATEMENT
Title Scrivener's moon /
Statement of responsibility, etc. by Philip Reeve
260 ## - PUBLICATION, DISTRIBUTION, ETC.
Place of publication, distribution, etc. New York :
Name of publisher, distributor, etc. Scholastic ;
Date of publication, distribution, etc. 2011.
300 ## - PHYSICAL DESCRIPTION
Extent 349 pages :
Other physical details illustrations ;
Dimensions 21 cm.
490 ## - SERIES STATEMENT
Series statement Mortal Engines (00.3)
505 ## - FORMATTED CONTENTS NOTE
Formatted contents note Z <br/>
520 ## - SUMMARY, ETC.
Summary, etc. When she returns home after two years, Fever finds that her Scriven mother's creation, New London, the city on wheels, is nearly complete and ready to fight the nomad tribes of Britain--and Fever must journey to the north to find the ancient birthplace of the Scriven mutants and solve the mystery of her own past.
521 8# - TARGET AUDIENCE NOTE
Target audience note 970 <br/>
Source Lexile <br/>
521 8# - TARGET AUDIENCE NOTE
Target audience note Z <br/>
Source Raz-Plus <br/>
650 ## - SUBJECT ADDED ENTRY--TOPICAL TERM
Topical term or geographic name entry element steampunk
Form subdivision Fiction
650 ## - SUBJECT ADDED ENTRY--TOPICAL TERM
Topical term or geographic name entry element post-apocalyptic
Form subdivision Fiction
942 ## - ADDED ENTRY ELEMENTS (KOHA)
Source of classification or shelving scheme Dewey Decimal Classification
Koha item type Books
Suppress in OPAC No
Holdings
Withdrawn status Lost status Source of classification or shelving scheme Damaged status Not for loan Collection Home library Current library Shelving location Date acquired Total Checkouts Full call number Barcode Date last seen Price effective from Koha item type
    Dewey Decimal Classification     Fiction Footprints International School Library Network Toul Kork Campus Footprints International School Library Network Toul Kork Campus TTP Secondary Fiction Bookshelves 12/06/2024   REE 823.92 PZ7.R25576 FISSE02617 12/06/2024 12/06/2024 Books